[Event "POL-chT U19 Wielkopolskie"]
[Site "Poland"]
[Date "2016.02.14"]
[Round "3.22"]
[White "Lepski, Maksymilian"]
[Black "Matuszewski, Bartosz"]
[Result "1-0"]
[WhiteElo "1411"]
[BlackElo "1242"]
[PlyCount "133"]
[EventDate "2016.02.13"]
[EventType "team-tourn"]
[EventRounds "9"]
[EventCountry "POL"]
[SourceTitle "EXT 2019"]
[Source "ChessBase"]
[SourceDate "2018.10.10"]
[SourceVersion "1"]
[SourceVersionDate "2018.10.10"]
[SourceQuality "1"]

1. d4 d5 2. c4 c6 3. Nc3 e6 4. Nf3 Nf6 5. e3 Nbd7 6. Bd2 Bb4 7. Bd3 0-0 8. 0-0 Re8 9. Nxd5 Nxd5 10. cxd5 exd5 11. Bxb4 Nf6 12. Qc2 Ne4 13. Nd2 Nf6 14. Nf3 Ne4 15. Ne5 Nf6 16. Rac1 g6 17. Rfe1 Nd7 18. f4 a5 19. Ba3 Nxe5 20. fxe5 Qb6 21. Qf2 Qd8 22. Rf1 Be6 23. Qf6 Qxf6 24. Rxf6 Rac8 25. Bd6 Kg7 26. Rc3 Red8 27. Rf1 Rd7 28. h3 h5 29. Rc5 b6 30. Rc3 Ra7 31. Rfc1 Bd7 32. e4 Raa8 33. exd5 cxd5 34. Rxc8 Rxc8 35. Rxc8 Bxc8 36. Bc7 Bd7 37. Bxb6 a4 38. Kf2 f6 39. Bc7 fxe5 40. Bxe5+ Kf7 41. Ke3 g5 42. Be2 Kg6 43. b4 axb3 44. axb3 Bc6 45. b4 Bb7 46. h4 Bc6 47. b5 Bb7 48. Bd3+ Kh6 49. Bf6 gxh4 50. Kf4 Bc8 51. Bf5 Bb7 52. Bd7 Kg6 53. Bxh4 Kf7 54. Bc6 Bxc6 55. bxc6 Ke6 56. c7 Kd7 57. Ke5 Kxc7 58. Kxd5 Kd7 59. Ke5 Kc7 60. d5 Kd7 61. d6 Kc8 62. Ke6 Kb7 63. d7 Kc7 64. d8Q+ Kb7 65. Kd6 Ka7 66. Kc6 Ka6 67. Qa8# 1-0